| 000 | 00903nam a2200265Ia 4500 | ||
|---|---|---|---|
| 003 | OSt | ||
| 005 | 20221005111508.0 | ||
| 006 | a|||||r|||| 00| 0 | ||
| 007 | ta | ||
| 008 | 221004b |||||||| |||| 00| 0 hin d | ||
| 024 | _a107413 | ||
| 037 | _cTextual | ||
| 040 |
_aCRL _cCRL _bhin |
||
| 041 |
_2hin _ahin |
||
| 082 | _aO116,3M05x, 152N9.1 | ||
| 100 | _aदेवसरे, हरिकृष्ण | ||
| 245 | 0 | _aहैंस एण्डरसन की कहानियॉं | |
| 246 | _aHaiansa eṇḍarasan kī kahāniyaॉan | ||
| 260 |
_aनई दिल्ली _bसाहित्य अकादमी भारत _c1999 |
||
| 300 |
_a245पृ0 _ccm. |
||
| 490 | _vभाग 1 | ||
| 650 | _aडैनिश कहानी | ||
| 942 |
_hO116,3M05x, 152N9.1 _cTEXL _2cc |
||
| 999 |
_c1022011 _d1022011 |
||